000 00783cam a2200169 4500500
005 20260405000450.0
041 _afre
042 _adc
100 1 0 _aFerrari, Jérôme
_eauthor
700 1 0 _aRose, Sean
_eauthor
245 0 0 _aNew releases
260 _c2018.
500 _a95
520 _aThe significant number of documentaries covered this month is related to the annual “Mois du film documentaire” event. For other films, you will find many reviews   on the journal’s website within the Cannes and Venice 2018 coverage (www.revue-etudes.com, under “actualité culturelle cinéma”).
786 0 _nÉtudes | ovember | 11 | 2018-10-15 | p. 123-144 | 0014-1941
856 4 1 _uhttps://shs.cairn.info/journal-etudes-2018-11-page-123?lang=en&redirect-ssocas=7080
999 _c2037403
_d2037403